L'Evolution psychiatrique (Record no. 182958)

MARC details
000 -LEADER
campo de control de longitud fija 00787nam a2200229 i 4500
001 - NÚMERO DE CONTROL
campo de control 182958
003 - IDENTIFICADOR DE NÚMERO DE CONTROL
campo de control ES-MaACL
005 - FECHA Y HORA DE LA ÚLTIMA TRANSACCIÓN
campo de control 20250905132504.0
008 - DATOS DE LONGITUD FIJA--INFORMACIÓN GENERAL
campo de control de longitud fija 140107s1925 fr |||| | fre d
245 02 - MENCIÓN DEL TÍTULO
Título L'Evolution psychiatrique
Resto del título : psychanalyse, psychologie clinique / dir. A. Hesnard et R. Laforgue.
260 ## - PUBLICACIÓN, DISTRIBUCIÓN, ETC.
Lugar de publicación, distribución, etc. Paris :
Nombre del editor, distribuidor, etc. Payot,
Fecha de publicación, distribución, etc. 1925.
300 ## - DESCRIPCIÓN FÍSICA
Extensión 302 p. ;
Dimensiones 23 cm.
490 1# - MENCIÓN DE SERIE
Mención de serie Bibliothèque scientifique
650 07 - PUNTO DE ACCESO ADICIONAL DE MATERIA--TÉRMINO DE MATERIA
Término de materia o nombre geográfico como elemento de entrada Psiquiatría
Fuente del encabezamiento o término embne
9 (RLIN) 16586
650 04 - PUNTO DE ACCESO ADICIONAL DE MATERIA--TÉRMINO DE MATERIA
Término de materia o nombre geográfico como elemento de entrada Psicoanálisis.
9 (RLIN) 16530
650 07 - PUNTO DE ACCESO ADICIONAL DE MATERIA--TÉRMINO DE MATERIA
Término de materia o nombre geográfico como elemento de entrada Psicología clínica
Fuente del encabezamiento o término embne
9 (RLIN) 16553
700 1# - ENTRADA AGREGADA--NOMBRE PERSONAL
Nombre de persona Laforgue, René,
Fechas asociadas al nombre 1894-1962
9 (RLIN) 69519
700 1# - ENTRADA AGREGADA--NOMBRE PERSONAL
Nombre de persona Hesnard, Angelo-Louis-Marie,
Fechas asociadas al nombre 1886-1969
9 (RLIN) 144386
830 0# - PUNTO DE ACCESO ADICIONAL DE SERIE-TÍTULO UNIFORME
Título uniforme Bibliothèque scientifique
9 (RLIN) 181657
852 ## - LOCALIZACIÓN
Ubicación ES-MaACL
Número de control de estantería B-3569
Holdings
Estatus retirado Estado de pérdida Estado de daño No para préstamo Biblioteca de origen Biblioteca actual Ubicación en estantería Fecha de adquisición Fuente de adquisición Total de préstamos Signatura topográfica completa Código de barras Visto por última vez Precio de reemplazo Tipo de ítem Koha
        Biblioteca del Ateneo de Madrid Biblioteca del Ateneo de Madrid Sala Pardo Bazán 07/01/2014     B-3569 1192293 23/02/2023 23/02/2023 Libro impreso